LEADER 00864nam0-2200289 --450 001 9910231358503321 005 20171211152144.0 010 $a978-88-575-3427-5 020 $aIT$b2016-6009 100 $a20171211d2016----kmuy0itay5050 ba 101 0 $aita$cita 102 $aIT 105 $aa 001yy 200 1 $a<>disegno dell'Europa$ecostruzioni cartografiche dell'identità europea$fMario Neve 210 $aMilano$aUdine$cMimesis$d2016 215 $a360 p.$cill.$d21 cm 225 1 $aMimesis. Kosmos$v14 610 0 $aEuropa$aDefinizione$aRuolo [della] Cartografia 676 $a912.4$v23$zita 700 1$aNeve,$bMario$0273386 801 0$aIT$bUNINA$gREICAT$2UNIMARC 901 $aBK 912 $a9910231358503321 952 $aCollez. 2488 (14)$b1840/2017$fFSPBC 959 $aFSPBC 996 $aDisegno dell'Europa$91533448 997 $aUNINA LEADER 01908nas 2200589-a 450 001 996197980203316 005 20231101152400.0 011 $a1873-1600 035 $a(OCoLC)45545799 035 $a(CKB)110978984569583 035 $a(CONSER)---00213671- 035 $a(DE-599)ZDB2007802-X 035 $a(EXLCZ)99110978984569583 100 $a20001212a20009999 s-- a 101 0 $aeng 135 $aurcnu|||||||| 181 $ctxt$2rdacontent 182 $cc$2rdamedia 183 $acr$2rdacarrier 200 00$aPhysical therapy in sport 210 $aEdinburgh $cNew York $cChurchill Livingstone$d©2000- 210 2 $a[London] $cHarcourt 210 3 $aAmsterdam $cElsevier 215 $a1 online resource 300 $aRefereed/Peer-reviewed 311 $a1466-853X 531 $aPHYS. THER. SPORT 531 $aPHYS THER SPORT 606 $aPhysical therapy$vPeriodicals 606 $aSports injuries$xPatients$xRehabilitation$vPeriodicals 606 $aAthletic Injuries$xdiagnosis 606 $aAthletic Injuries$xtherapy 606 $aPhysical Therapy Modalities 606 $aSports Medicine 606 $aPhysical therapy$2fast$3(OCoLC)fst01062771 606 $aSports injuries$xPatients$xRehabilitation$2fast$3(OCoLC)fst01130692 608 $aPeriodical. 608 $aPeriodicals.$2fast 615 0$aPhysical therapy 615 0$aSports injuries$xPatients$xRehabilitation 615 2$aAthletic Injuries$xdiagnosis. 615 2$aAthletic Injuries$xtherapy. 615 2$aPhysical Therapy Modalities. 615 2$aSports Medicine. 615 7$aPhysical therapy. 615 7$aSports injuries$xPatients$xRehabilitation. 676 $a615.8205 712 02$aAssociation of Chartered Physiotherapists in Sports Medicine. 906 $aJOURNAL 912 $a996197980203316 996 $aPhysical therapy in sport$91890865 997 $aUNISA